000 00748nam a22002177a 4500
003 UA-OsUOA
001 73856
007 ta
008 20110317b un ||||| |||| 00| 0 ukr d
100 _aПрохар Н.
090 _a330(477)
_bП84
942 _cSA
040 _aUA-OsUOA
_bukr
_cUA-OsUOA
_dUA-OsUOA
245 _aОсобливості відображення в обліку інформації про податок на додану вартість за Податковим кодексом України
300 _aС.11-25
955 _a0
041 _aukr
080 _a330(477)
773 0 _w73854
_tБухгалтерський облік і аудит
_dК.
_d2011
_g2
650 7 _a330 Економіка взагалі
_2UDC
999 _c360149
_d360149